El origen de la vida /
Guardado en:
| Autor Principal: | |
|---|---|
| Formato: | Libro |
| Publicado: |
Argentina :
Feliu y Susanna,
1908
|
| Materias: | |
| Etiquetas: |
Agregar Etiqueta
Sin Etiquetas, Sea el primero en etiquetar este registro!
|
| LEADER | 00437nam a22001575a 4500 | ||
|---|---|---|---|
| 001 | CEM.cems003131 | ||
| 005 | 19000101000000.0 | ||
| 008 | 130507s1908##################000#0#####d | ||
| 003 | CEMS | ||
| 082 | 0 | 4 | |a 576 |
| 100 | 1 | |a Haeckel, Ernesto | |
| 245 | 1 | 0 | |a El origen de la vida / |c Ernesto Haeckel |
| 260 | |a Argentina : |b Feliu y Susanna, |c 1908 | ||
| 300 | |a 192 p. | ||
| 653 | |a Vida-origen | ||
| 859 | |a CEMS |b BIB. CEMS - 11 de abril |h 576 |i H118 |p 10425.81 |t Ej.1 | ||
